Maantiedettä kirjaimittain - K - Statistics

Yleistilastot
  • Tätä visaa on pelattu 1 539 kertaa
  • Keskiarvotulos 12 / 20
Vastaustilastot
Vihje Vastaus % Oikein
Ukrainan pääkaupunki Kiova
98%
Tanskan pääkaupunki Kööpenhamina
98%
Yksi Australian kansalliseläimistä Kenguru
95%
Valtio Turkin eteläpuolella Välimeressä Kypros
89%
Afrikan korkein vuori Kilimanjaro
87%
Erittäin suolainen järvi Israelin ja Jordanian välissä Kuollutmeri
73%
Etninen ryhmä Turkin ja Irakin raja-alueilla Kurdit
67%
Yksi Persianlahden valtioista Kuwait
67%
Maailman toiseksi korkein vuori K2
65%
Nepalin pääkaupunki Kathmandu
64%
Ranskalle kuuluva saari Sardinian pohjoispuolella Korsika
64%
Hongkongissa ja muualla Kiinan eteläosissa puhuttu kiinalainen kieli {Kantonin}kiina
54%
Suuri aavikko Afrikan eteläosissa Kalahari
52%
Korean kansallisruoka Kimchi
49%
Petronas Towersit sijaitsevat tässä kaupungissa Kuala Lumpur
46%
Kaksi suurempaa maa-aluetta yhdistävä kapea maakaistale Kannas
37%
Merkittävä nykyisen Tunisin alueella sijainnut kaupunki Karthago
35%
Vuonna 1883 näyttävästi purkautunut tulivuori Indonesiassa Krakatau
33%
Kambodžan virallinen kieli Khmer
32%
Pakistanin ja Afganistanin yhdistävä sola {Khaibar}sola
13%
Ehtoja vastaavia visoja ei löytynyt
Tulosjakauma
Jokaisen tuloksen saaneiden osuus
Persentiili vastausten määrän mukaan
Tuloshistoriasi
Et ole pelannut tätä visaa